000 00949nam a22002297a 4500
005 20180726134559.0
010 _aB-453619-624 B-462930-959
020 _a9780140297348
_c399.00
035 _aB-453619-624 B-462930-959, B-35358
037 _bR.B.C/VEN
037 _bAllied Pub/Ven
082 _aN
100 _aNarayan,R.K.
245 _aThe world of Malgudi/
_cby R K Narayan ;edited by S Krishan
260 _aNew Delhi
_bPenguin Books
_c2000
270 _a11, Community Center,Panchsheel Park,
_bNew Delhi
_e110017
300 _axvi,600p
_c22cm(pbk)
700 _aKrishan,S
_942367
942 _2ddc
_cEN
_mNAR
_hN
999 _c63048
_d63048